[Event "Titled Tue 25th Apr Early"]
[Site "chess.com INT"]
[Date "2023.04.25"]
[Round "9"]
[White "Nakamura, Hi"]
[Black "Mamedyarov, S."]
[Result "1-0"]
[WhiteElo "2775"]
[BlackElo "2738"]
[PlyCount "69"]
[EventDate "2023.04.25"]

1. Nf3 Nf6 2. e3 g6 3. b3 Bg7 4. d4 O-O 5. Bb2 d6 6. Be2 c5 7. O-O cxd4 8. Nxd4 d5 9. Nf3 ({RR} 9. c4 dxc4 10. Bxc4 Bd7 11. Nd2 Nc6 12. N2f3 Rc8 13. Rc1 Qa5 14. Qe2 Rfd8 15. Rfd1 Nxd4 16. Bxd4 Bc6 17. Ne5 Be8 18. h4 Ne4 19. Qf3 Nd6 20. Ng4 h5 21. Nh2 Nxc4 22. bxc4 Ba4 23. Re1 Rxc4 {Nakamura,H (2794)-Nihal,S (2669) chess.com INT 2024 0-1 (51)}) ({RR} 9. c4 e5 10. Nf3 e4 11. Nd4 dxc4 12. Bxc4 Ng4 13. h3 Ne5 14. Nd2 Qh4 15. Qc2 Nxc4 16. bxc4 Re8 17. Nb5 Bxh3 18. gxh3 Qxh3 19. Rfd1 Be5 20. Bxe5 Rxe5 21. Nxe4 Nc6 22. Ng3 Rh5 23. Nxh5 Ne5 {Obregon Rivero,J (2485)-Naranjo Moreno,A (2269) chess.com INT 2025 1-0 (31)}) 9... Nc6 10. c4 dxc4 11. Bxc4 b6 $146 ({RR} 11... Qc7 12. Nbd2 Rd8 13. Rc1 a6 14. a4 Bg4 15. Qe2 Rac8 16. h3 Bd7 17. Rfd1 Qb8 18. Ba1 Nb4 19. Ne5 Be8 20. a5 e6 21. Ndf3 Ne4 22. Bd4 Ng5 23. Qb2 Nxf3+ 24. Nxf3 Bxd4 25. Rxd4 Qc7 26. Rxd8 {Gkogkas,D (2245)-Thorhallsson,T (2440) Komotini 1993 0-1 (75)}) 12. Qe2 Bb7 13. Nc3 Rc8 14. Rac1 Qc7 15. Ba6 Rfd8 16. a3 Qb8 17. b4 Ng4 18. Bxb7 Qxb7 19. Nb1 Nge5 20. Nd4 Nxd4 21. Bxd4 Nd7 22. Bxg7 Kxg7 23. Nd2 Ne5 24. Nb3 Qe4 25. Rxc8 Rxc8 26. Nd4 Nc6 27. Nf3 Ne5 28. Nd4 Nc6 29. Qa6 Rc7 30. Qc4 a6 31. a4 b5 32. axb5 axb5 33. Qc3 Qe5 34. Rc1 Rd7 35. Qxc6 1-0

[Event "Titled Tue 25th Apr Early"]
[Site "chess.com INT"]
[Date "2023.04.25"]
[Round "11"]
[White "Nakamura, Hi"]
[Black "Duda, J."]
[Result "1-0"]
[WhiteElo "2775"]
[BlackElo "2724"]
[PlyCount "95"]
[EventDate "2023.04.25"]

1. Nf3 d5 2. e3 Nf6 3. c4 e6 4. b3 Be7 5. Bb2 O-O 6. cxd5 exd5 7. d4 Bf5 ({RR} 7... Bg4 8. Nbd2 Nbd7 9. Be2 Re8 10. O-O Bd6 11. Nh4 Bxe2 12. Qxe2 c6 13. Nf5 Bf8 14. a3 Ne4 15. Nxe4 Rxe4 16. b4 g6 17. Ng3 Re6 18. Rfc1 Nb6 19. Nf1 Nc4 20. Qc2 b5 21. Bc3 Qh4 22. Nd2 {Williams,S (2467)-Bogaudinov,R (1912) chess.com INT 2024 ½-½ (80)}) 8. Bd3 Bxd3 9. Qxd3 Nbd7 $146 ({RR} 9... c6 10. Nbd2 Re8 11. O-O Bb4 12. Ne5 Nbd7 13. Ndf3 Ne4 14. a3 Bf8 15. Qc2 a5 16. Nd3 f6 17. h4 Qe7 18. Qe2 a4 19. b4 Nb6 20. Nc5 Nc4 21. Rac1 Ned6 22. Rc2 b6 23. Nd3 b5 24. Bc1 {Nakamura,H (2775)-Kuzubov,Y (2624) chess.com INT 2023 0-1 (54)}) 10. Nbd2 Re8 11. O-O Bd6 12. a3 a5 13. Rfc1 c6 14. Qc2 Qe7 15. a4 Ne4 16. Nxe4 dxe4 17. Nd2 Nf6 18. Nc4 Bc7 19. Rf1 Nd5 20. Ba3 Qe6 21. Rac1 Qh6 22. g3 Re6 23. Kg2 Rae8 24. Qe2 Qg5 25. Rce1 h5 26. Kh1 h4 27. Rg1 Rh6 28. Rg2 Qf5 29. g4 Qg5 30. h3 Rf6 31. Nd2 Ree6 32. Rc1 Qg6 33. Kg1 Qg5 34. Kh1 Kh8 35. Re1 Nc3 36. Qc4 Nd5 37. Qc2 Qg6 38. Kg1 Qh7 39. g5 Rf5 40. Nxe4 Rf3 41. g6 Rxg6 42. Ng5 Qh5 43. Nxf7+ Rxf7 44. Qxg6 Qf3 45. Qg4 Qf6 46. Bc1 Nc3 47. e4 Qxd4 48. Bb2 1-0

[Event "Titled Tue 25th Apr Late"]
[Site "chess.com INT"]
[Date "2023.04.25"]
[Round "4"]
[White "Nakamura, Hi"]
[Black "Svane, Frederik"]
[Result "1-0"]
[WhiteElo "2775"]
[BlackElo "2600"]
[PlyCount "91"]
[EventDate "2023.04.25"]

1. Nf3 d5 2. e3 Nf6 3. c4 e6 4. b3 Bd6 5. Bb2 O-O 6. Nc3 c5 7. cxd5 exd5 8. d4 cxd4 ({RR} 8... Nc6 9. Be2 cxd4 10. Nxd4 Nxd4 11. Qxd4 Re8 12. Rd1 Be5 13. Qd2 Bf5 14. O-O Rc8 15. Bf3 Ne4 16. Nxe4 dxe4 17. Qxd8 Rcxd8 18. Rxd8 Rxd8 19. Bxe5 exf3 20. gxf3 Rd2 21. Kg2 Rxa2 22. Rc1 Rc2 23. Rxc2 {Aronian,L (2764)-So,W (2778) Paris 2018 ½-½}) ({RR} 8... Nc6 9. Be2 cxd4 10. Nxd4 Nxd4 11. Qxd4 Re8 12. O-O Be5 13. Qd1 d4 14. Na4 Bf5 15. exd4 Bd6 16. Bf3 Ne4 17. Nc5 Bxc5 18. dxc5 Nd2 19. Bxb7 Rb8 20. c6 Nxf1 21. Qxf1 Bc8 22. Rc1 Qc7 23. Bxc8 {Nakamura,H (2780)-Bluebaum,M (2670) chess.com INT 2023 1-0 (61)}) 9. Nxd4 Nc6 10. Nf3 $146 ({RR} 10. Be2 Nxd4 11. Qxd4 Re8 12. O-O Be5 13. Qd2 d4 14. exd4 Qxd4 15. Qxd4 Bxd4 16. Bf3 Rd8 17. Rad1 Bg4 18. Bxg4 Nxg4 19. h3 Nxf2 20. Rxf2 Bxf2+ 21. Kxf2 Rxd1 22. Nxd1 Rd8 23. Ke2 f6 24. Ne3 Kf7 {Khlebovich,A (2423)-Bluebaum,M (2646) chess.com INT 2024 1-0 (61)}) ({RR} 10. Be2 Nxd4 11. Qxd4 Re8 12. Rd1 Be5 13. Qd2 Bg4 14. h3 Bxe2 15. Nxe2 Ne4 16. Qc1 Rc8 17. Qa1 Qa5+ 18. Kf1 Bxb2 19. Qxb2 Re6 20. Nd4 Rf6 21. Nf3 Rfc6 22. Nd4 Rf6 23. Nf3 h6 24. Kg1 Qc7 {Rostomyan,M (2277)-Bluebaum,M (2643) chess.com INT 2025 ½-½ (106)}) 10... Bg4 11. Be2 Re8 12. O-O a6 13. h3 Bh5 14. Nh4 Bxe2 15. Nxe2 Ne4 16. Nf3 Bc7 17. Rc1 Qd6 18. g3 Rad8 19. Kg2 h5 20. h4 Qg6 21. Nfd4 Bb8 22. Nf4 Bxf4 23. exf4 Rd7 24. f5 Qh6 25. Nxc6 bxc6 26. f6 c5 27. fxg7 d4 28. Qd3 Qc6 29. Kg1 Qd5 30. Rcd1 Rd6 31. Rfe1 Rde6 32. Rf1 a5 33. Kh2 Rf6 34. Kg1 Rg6 35. Bc1 Re5 36. Rde1 Ree6 37. Bf4 Rg4 38. Kh2 Rxf4 39. gxf4 Qf5 40. Qf3 Nd2 41. Qa8+ Kxg7 42. Rg1+ Rg6 43. Rxg6+ Kxg6 44. Qg8+ Kf6 45. Qh8+ Kg6 46. Rg1+ 1-0

[Event "Bundesliga 2022-23"]
[Site "Viernheim GER"]
[Date "2023.04.30"]
[Round "15.2"]
[White "Vachier Lagrave, M."]
[Black "Pavlidis, Ant"]
[Result "1-0"]
[WhiteElo "2747"]
[BlackElo "2550"]
[PlyCount "87"]
[EventDate "2022.10.22"]
[WhiteTeam "OSG Baden-Baden"]
[BlackTeam "SC Remagen Sinzig"]

1. Nf3 d5 2. g3 Nf6 3. Bg2 e6 4. O-O Be7 5. d3 O-O 6. Nbd2 c5 7. e4 Nc6 8. Re1 b5 9. a4 bxa4 10. c3 ({RR} 10. Rxa4 a5 11. Nb3 Bd7 12. exd5 exd5 13. Bg5 Re8 14. Bxf6 Bxf6 15. Nxc5 Bxb2 16. Ra2 Bc3 17. Rxe8+ Bxe8 18. Na4 Bf6 19. c3 d4 20. c4 Rb8 21. Nd2 Nb4 22. Ra3 Be7 23. Ne4 Qc7 24. h4 h6 {Ljubojevic,L (2620)-Panno,O (2520) Manila 1976 0-1 (46)}) ({RR} 10. exd5 exd5 11. Rxa4 h6 12. Nb3 Re8 13. Ne5 Nxe5 14. Rxe5 Be6 15. Bd2 Qc7 16. Re1 Bd6 17. Qa1 Re7 18. Ba5 Qb7 19. Bc3 Nh7 20. Na5 Qc8 21. b3 d4 22. Bd2 Bh3 23. Bh1 Rxe1+ 24. Qxe1 Nf6 {Gemy,J (2316)-Filgueiras,N (2323) Sao Paulo BRA 2024 1-0 (61)}) 10... a5 $146 ({RR} 10... Nd7 11. exd5 exd5 12. Qxa4 Qc7 13. Nb3 Nb6 14. Qf4 Qxf4 15. Bxf4 Be6 16. d4 Nd7 17. dxc5 Nxc5 18. Nbd4 Nxd4 19. Nxd4 Nd3 20. Nxe6 Nxe1 21. Nxf8 Nxg2 22. Kxg2 Kxf8 23. Ra5 d4 24. cxd4 Bd8 25. Bd6+ {Loginov,V (2513)-Vunder,A (2259) St Petersburg 2001 1-0 (42)}) 11. Qxa4 Bd7 12. Qc2 a4 13. exd5 exd5 14. Nf1 Na5 15. Bf4 Nb3 16. Rad1 Ra6 17. d4 cxd4 18. Nxd4 Nxd4 19. Rxd4 a3 20. b4 Qc8 21. Ne3 Be6 22. Ra1 Rd8 23. Qc1 a2 24. Qb2 h6 25. Be5 Nd7 26. Nxd5 Bxd5 27. Rxd5 Nxe5 28. Rxe5 Qc7 29. Rd5 Rxd5 30. Bxd5 Bf6 31. Rxa2 Bxc3 32. Qe2 Rxa2 33. Qe8+ Kh7 34. Bxa2 Bxb4 35. Bxf7 Bf8 36. Qxf8 Qc1+ 37. Kg2 Qc6+ 38. Kh3 Qd7+ 39. g4 Qd3+ 40. Kg2 Qe4+ 41. Kg3 Qe5+ 42. Kh3 Qc3+ 43. Kg2 Qc6+ 44. f3 1-0

[Event "Bundesliga 2022-23"]
[Site "Munich GER"]
[Date "2023.04.30"]
[Round "15.7"]
[White "Indjic, A."]
[Black "Huschenbeth, N."]
[Result "1-0"]
[WhiteElo "2630"]
[BlackElo "2593"]
[PlyCount "141"]
[EventDate "2022.10.22"]
[WhiteTeam "Muenchener Schachclub 1836"]
[BlackTeam "FC Bayern Muenchen"]

1. Nf3 d5 2. c4 d4 3. g3 Nc6 4. Bg2 e5 5. d3 Nf6 6. O-O a5 7. e3 Be7 8. exd4 exd4 9. Na3 O-O 10. Nb5 Bf5 11. h3 $146 ({RR} 11. Bf4 Ne8 12. Ne5 Ra6 13. g4 Bc8 14. Re1 Nxe5 15. Bxe5 Rg6 16. Re4 c5 17. Kh1 f5 18. gxf5 Bxf5 19. Rf4 Bg5 20. Bd5+ Kh8 21. Rf3 Qd7 22. Rg3 Nf6 23. Bxf6 Rfxf6 24. Qe1 b6 25. Qe5 Rf8 {Scafarelli,F-Schmid,L Chaumont Neuchatel 1958 0-1 (36)}) ({RR} 11. Bf4 Rc8 12. Re1 h6 13. Nfxd4 Nxd4 14. Nxd4 Bg4 15. Nf3 Bb4 16. Re2 c6 17. h3 Bf5 18. d4 Re8 19. a3 Rxe2 20. Qxe2 Bd6 21. Bxd6 Qxd6 22. Qe5 Qxe5 23. dxe5 Nd7 24. b4 Re8 25. Re1 axb4 {Sokolovsky,Y (2545)-Nepomniachtchi,I (2753) chess.com INT 2025 ½-½ (106)}) 11... h6 12. Bf4 Rc8 13. Re1 Bh7 14. a3 Nd7 15. b3 Nc5 16. Bf1 g5 17. Bd2 Bf6 18. Qc2 Ra8 19. b4 Nd7 20. Nh2 Bg7 21. bxa5 Nxa5 22. Bb4 c5 23. Bxa5 Rxa5 24. Nf3 Nb8 25. Nd2 Ra8 26. Bg2 Qd7 27. Ne4 Na6 28. Ned6 Rab8 29. Re2 Rfd8 30. Rae1 Bf8 31. Ne4 Kg7 32. g4 Nc7 33. Nxc7 Qxc7 34. Ng3 Bd6 35. Nh5+ Kf8 36. Be4 Bxe4 37. Rxe4 Re8 38. Qe2 Qc6 39. Qf3 Rxe4 40. Rxe4 Bf4 41. Nxf4 gxf4 42. Qxf4 Ra8 43. Re5 Ra6 44. a4 Rxa4 45. Rf5 Ra1+ 46. Kh2 Rh1+ 47. Kg3 Rg1+ 48. Kh4 Qe6 49. Rf6 Qe7 50. Qxh6+ Kg8 51. Qg5+ Kf8 52. Rb6 Qxg5+ 53. Kxg5 Rh1 54. h4 Rh3 55. f4 Rxd3 56. Rxb7 Rc3 57. Kf6 Ke8 58. h5 d3 59. Re7+ Kd8 60. Re1 Rxc4 61. h6 Rxf4+ 62. Kg5 Rf2 63. Rh1 f6+ 64. Kg6 Re2 65. h7 Re8 66. Rc1 Ke7 67. Rxc5 Rd8 68. Rc3 f5 69. gxf5 Rd6+ 70. Kg5 d2 71. h8=Q 1-0

[Event "Superbet Classic 2023"]
[Site "Bucharest ROU"]
[Date "2023.05.07"]
[Round "2.1"]
[White "Rapport, R."]
[Black "Duda, J."]
[Result "1-0"]
[WhiteElo "2745"]
[BlackElo "2724"]
[PlyCount "103"]
[EventDate "2023.05.06"]

1. Nf3 d5 2. g3 Nd7 3. d4 Nb6 4. Nc3 Bf5 5. Nh4 e6 6. Nxf5 exf5 7. Qd3 g6 8. Bg2 Nf6 9. Bg5 ({RR} 9. a4 a5 10. O-O Be7 11. Bh6 Bf8 12. Bf4 Bd6 13. Bg5 Be7 14. f3 O-O 15. Bh6 Re8 16. e4 fxe4 17. fxe4 dxe4 18. Nxe4 Nxe4 19. Bxe4 c6 20. Rxf7 Kxf7 21. Rf1+ Bf6 22. Qb3+ Re6 23. c3 Nd7 {Salem,A (2684)-Alekseenko,K (2708) Chess.com INT 2022 0-1 (33)}) ({RR} 9. f3 Bg7 10. e4 fxe4 11. fxe4 dxe4 12. Nxe4 O-O 13. Bg5 h6 14. Bxf6 Bxf6 15. O-O-O c6 16. h4 Nc8 17. h5 Bg5+ 18. Kb1 Nd6 19. hxg6 fxg6 20. Nc5 Rf6 21. d5 Nf7 22. Qb3 cxd5 23. Bxd5 Qe7 {Teclaf,P (2555)-Khoury,T (2164) Southend ENG 2025 1-0}) 9... Bg7 10. Qe3+ $146 ({RR} 10. a4 a5 11. b3 O-O 12. O-O c6 13. Bxf6 Qxf6 14. e3 h5 15. Ne2 h4 16. Rab1 Rfd8 17. c4 Bf8 18. Nf4 Bh6 19. Ne2 Bf8 20. Nf4 Bd6 21. Ne2 Bb4 22. Qc2 Rac8 23. Nf4 dxc4 24. bxc4 c5 {Injac,T (2411)-Navara,D (2674) chess.com INT 2024 0-1 (47)}) 10... Kf8 11. Na4 h6 12. Qa3+ Qe7 13. Qxe7+ Kxe7 14. Nxb6 axb6 15. Bxf6+ Bxf6 16. Bxd5 c6 17. Bb3 Bxd4 18. c3 Bf6 19. O-O-O Rhd8 20. a4 Rxd1+ 21. Rxd1 b5 22. axb5 Ra1+ 23. Kd2 Rxd1+ 24. Bxd1 cxb5 25. b4 g5 26. f4 gxf4 27. gxf4 Bh4 28. Bc2 Ke6 29. Bd3 Bf2 30. e3 h5 31. Ke2 Bh4 32. Bxb5 Bf6 33. Bc4+ Ke7 34. Kd3 h4 35. Bd5 b6 36. Bg2 Bg7 37. Kc4 Kd6 38. Bh3 Ke6 39. Bf1 Ke7 40. Bg2 Kd6 41. Kb3 Ke7 42. c4 Bf6 43. Bh3 Ke6 44. e4 Bd4 45. Bxf5+ Kd6 46. e5+ Kc7 47. e6 fxe6 48. Bxe6 Kd6 49. Bg4 h3 50. Bxh3 Bg1 51. f5 Bxh2 52. f6 1-0

[Event "ChessKid Cup Play-In"]
[Site "chess.com INT"]
[Date "2023.05.01"]
[Round "1.12"]
[White "Narayanan, Sri"]
[Black "Alonso Rosell, A."]
[Result "1-0"]
[WhiteElo "2559"]
[BlackElo "2566"]
[PlyCount "77"]
[EventDate "2023.05.01"]

1. Nf3 d5 2. e3 Nf6 3. c4 c6 4. b3 g6 5. Bb2 Bg7 6. Nc3 O-O 7. Be2 b6 8. O-O e6 9. Rc1 Bb7 10. d4 Nbd7 11. Qc2 Rc8 $146 ({RR} 11... Re8 12. Rfd1 Qe7 13. a3 Rad8 14. b4 dxc4 15. Bxc4 c5 16. dxc5 bxc5 17. b5 Bxf3 18. gxf3 Ne5 19. Be2 c4 20. f4 Nd3 21. Bxd3 cxd3 22. Rxd3 Ng4 23. h3 Rxd3 24. Qxd3 Rd8 25. Qc2 Qh4 26. Kg2 {Oparin,G (2652)-Fedoseev,V (2678) Chess.com INT 2020 1-0 (51)}) 12. Rfd1 Qe7 13. e4 dxe4 14. Nxe4 c5 15. Bd3 cxd4 16. Nxd4 Nc5 17. Nxc5 Qxc5 18. Nb5 Rfd8 19. Bf1 a6 20. Ba3 Qe5 21. Nd6 Ng4 22. g3 Bf3 23. Nxc8 Bxd1 24. Ne7+ Kh8 25. Rxd1 Re8 26. Qe2 Qa5 27. Qxg4 Qxa3 28. Nc6 Qxa2 29. Qf3 Kg8 30. Rd7 Rf8 31. Rd8 Qa3 32. Rxf8+ Qxf8 33. Qe3 b5 34. cxb5 axb5 35. Bxb5 Qd6 36. Qf3 h5 37. h4 Qc5 38. Bf1 Bc3 39. Nd8 1-0

[Event "ChessKid Cup Play-In"]
[Site "chess.com INT"]
[Date "2023.05.01"]
[Round "1.15"]
[White "Keymer, Vincent"]
[Black "Motylev, A."]
[Result "1-0"]
[WhiteElo "2700"]
[BlackElo "2604"]
[PlyCount "75"]
[EventDate "2023.05.01"]

1. Nf3 {Nepomniachtchi,Ian} d5 2. e3 Nf6 3. c4 e6 4. Nc3 a6 ({RR} 4... c5) ({RR} 4... Be7) 5. b3 Bd6 ({RR} 5... c5 6. Bb2 Nc6) 6. g3 ({RR} 6. Bb2 O-O 7. g4 Nxg4 ({RR} 7... Nc6 8. g5 Ne4 9. Rg1) ({RR} 7... dxc4 8. g5 Nfd7 9. Bxc4 Nc6 10. Ne4) 8. Rg1 f5 ({RR} 8... Nf6 9. cxd5 e5 10. Qc2 Bg4 11. Ng5 ({RR} 11. Be2 Nbd7 12. O-O-O) 11... Bh5 12. Bd3 g6 13. Nce4 ({RR} 13. Nge4 Nbd7) 13... Nxd5 ({RR} 13... Nbd7 14. Ng3) 14. Bc4 Nb6 15. Nxh7 Kxh7 16. Ng5+ Kh6 17. Be2 Qe8 ({RR} 17... Qxg5 18. Rxg5 Kxg5 19. f4+) 18. Bxh5 Kxh5 19. f4 N8d7 20. O-O-O Kh6 21. f5 Kg7 22. d4) 9. cxd5 e5 10. h3 Nf6 11. Ng5 Qe7 12. Qf3 ({RR} 12. Ne6 Bxe6 13. dxe6 Nc6 14. Qf3) 12... Kh8 ({RR} 12... e4 13. Qg2 Nbd7 14. O-O-O ({RR} 14. Ne6 Rf7) 14... Ne5 15. d3 ({RR} 15. Kb1 Bd7 16. Be2 Rae8 17. f4 exf3 18. Nxf3 Nxf3 19. Bxf3 Rf7) 15... Nxd3+ 16. Bxd3 exd3 17. Rxd3 g6 18. h4 Bd7 19. Kb1 Rae8 20. f3) 13. Ne6 Bxe6 ({RR} 13... Rg8 14. Qxf5 c6 ({RR} 14... Nc6 15. Qf3 Nb4 16. Rc1) 15. f4 ({RR} 15. e4 cxd5 16. exd5 Nc6) 15... cxd5 ({RR} 15... Nbd7 16. Bc4 b5 17. dxc6 bxc4 18. cxd7 Bxd7 19. fxe5 Bxe6 20. exd6 Qxd6 21. Ne4 Qh2 22. Qg5 h6 23. Qg6 Bf7 24. Qg3 Qxg3+ 25. Nxg3) 16. fxe5 Bxe5 17. Qxe5 Bxe6 18. Ne2 Nc6 19. Qg5) ({RR} 13... Rf7 14. Qxf5 Nxd5 15. Nxd5 Qxe6 16. Qxe6 Bxe6 17. Bc4 Ra7 18. Nb6 Bxc4 19. Nxc4 Nc6 20. Ke2 Ra8 21. Raf1 Kg8 22. f4) 14. dxe6 Qxe6 ({RR} 14... Nc6 15. Qxf5) 15. Qxb7 Nbd7 16. Bc4 ({RR} 16. O-O-O Qe7 17. Kb1 Ba3 18. Ba1 Nb6) ({RR} 16. Bxa6 e4 17. Bc4 Qe8 ({RR} 17... Qe5 18. f4 exf3 19. Qxf3 Ba3 20. Bxa3 Rxa3 21. Qg3) 18. Qc6 ({RR} 18. Qb5 Rb8 19. Qxf5 Ne5) ({RR} 18. Nb5 Qe7 ({RR} 18... Bh2 19. Rg2 Nc5 20. Bxf6 Rxf6 21. Nxc7 Nxb7 22. Nxe8 Be5 23. Nxf6 Bxa1 24. Nd5) 19. Nxd6 Qxd6 20. Qd5 ({RR} 20. Qb5 c5 21. Qb7 Rfb8 22. Qd5 Qxd5 23. Bxd5 Nxd5 24. Bxg7+ Kg8 25. Be5+ Kf8 26. Bxb8 Rxb8 27. Rg5 Ne7) 20... Qxd5 21. Bxd5 Nxd5 22. Bxg7+ Kg8 23. Bxf8+ Kxf8 24. Rg5 Ne7) 18... Rb8 19. f4 exf3 20. Qxf3 Ne5 21. Qg2 Qe7 22. Be2) 16... Qe7 17. Qg2 Nb6 18. Be2 a5 19. Bb5 ({RR} 19. Qg5 a4 ({RR} 19... g6 20. h4) 20. Rc1 ({RR} 20. Qxf5 a3 21. Bc1 e4) ({RR} 20. bxa4 Nxa4 21. Nxa4 Rxa4) 20... axb3 21. axb3 g6 22. h4 Qe6 23. h5 Rg8) 19... Rad8 20. Qg5 g6 {Nepomniachtchi,I (2729)-Anand,V (2782) London 2017 CBM 182 [Nepomniachtchi,Ian] 1-0 (37)} ({RR} 20... f4 21. O-O-O h6 22. Qg6 Ba3 23. Bxa3 Qxa3+ 24. Kb1 Qe7 25. exf4 ({RR} 25. Bd3 a4 26. exf4 exf4) 25... e4 ({RR} 25... exf4 26. Rde1 Qf7 27. Qxf7 Rxf7 28. Kc2) 26. f3 exf3 27. Rde1 Qf7 28. Qxf7 Rxf7 29. Rgf1 Rxd2 30. Rxf3)) ({RR} 6. Bb2 O-O 7. d4 b6 8. Bd3 Bb7 9. Qe2 Ne4 10. Bxe4 dxe4 11. Nd2 f5 12. O-O-O Nd7 13. f3 exf3 14. gxf3 e5 15. Rhg1 exd4 16. exd4 Qe7 17. Qg2 Rae8 18. Kb1 Rf6 19. Qh3 Qf7 20. d5 Bc8 {Obregon Rivero,J (2485)-Lopez Raygoza,L (2243) Mexico City MEX 2025 ½-½}) ({RR} 6. Bb2 b6 7. cxd5 exd5 8. g3 O-O 9. Bg2 Bb7 10. O-O Nbd7 11. Rc1 c5 12. d4 Rc8 13. Re1 Re8 14. Re2 c4 15. a4 Rc7 16. Nd2 Qc8 17. bxc4 dxc4 18. e4 Bb4 19. Re1 Qa8 20. Qc2 Nf8 {Keymer,V (2698)-Pichot,A (2637) chess24.com INT 2022 1-0 (54)}) 6... c5 $146 ({RR} 6... O-O 7. Bg2 c6 8. d4 b6 9. O-O Nbd7 10. Qc2 Bb7 11. e4 dxe4 12. Ng5 Be7 13. Rd1 h6 14. Ngxe4 Nxe4 15. Qxe4 Nf6 16. Qe2 Ra7 17. Be3 Bd6 18. Na4 Bc7 19. Rac1 Ra8 20. f4 Qe7 21. Bf3 {Pultinevicius,P (2586)-Hommer,J (2276) Berlin GER 2023 ½-½ (60)}) 7. Bg2 Nc6 8. cxd5 exd5 9. O-O d4 10. Ne2 d3 11. Nf4 Nb4 12. Bb2 O-O 13. Ne5 Bc7 14. a3 Nc2 15. Ra2 Bxe5 16. Bxe5 Bf5 17. Bxb7 Ra7 18. Bg2 Re8 19. Bxf6 Qxf6 20. Qf3 Qd6 21. Qd5 Qxd5 22. Bxd5 g5 23. Nh5 Rd8 24. f4 Kf8 25. Bc4 g4 26. Nf6 Rd6 27. Nd5 Be4 28. Nc3 Bf3 29. Kf2 Rad7 30. h4 f5 31. Rc1 Kg7 32. Bxd3 Nxe3 33. Bxa6 Nd1+ 34. Nxd1 Rxd2+ 35. Rxd2 Rxd2+ 36. Ke1 Rg2 37. Bf1 Ra2 38. Rxc5 1-0

[Event "ChessKid Cup Play-In"]
[Site "chess.com INT"]
[Date "2023.05.01"]
[Round "2.65"]
[White "Bachmann, Ax"]
[Black "Blomqvist, E."]
[Result "1-0"]
[WhiteElo "2604"]
[BlackElo "2523"]
[PlyCount "99"]
[EventDate "2023.05.01"]

1. Nf3 d5 2. e3 Nf6 3. c4 c6 4. Nc3 g6 5. cxd5 cxd5 6. Bb5+ Bd7 7. Qb3 Bxb5 8. Qxb5+ Qd7 9. Ne5 Qxb5 10. Nxb5 Na6 11. b3 Nd7 12. Bb2 Bg7 13. d4 Bxe5 $146 ({RR} 13... Nxe5 14. dxe5 O-O 15. Ke2 Nb4 16. f4 Rfc8 17. Rhc1 Nc6 18. Rc5 a6 19. Nc3 e6 20. Na4 Na7 21. Rac1 Bf8 22. Rc7 Rab8 23. Nb6 Rxc7 24. Rxc7 Nb5 25. Rc1 Bb4 26. Nd7 Rd8 27. Nf6+ Kg7 28. g4 {Paschall,W (2401)-Pataki,G (2374) Budapest 2004 1-0 (50)}) 14. dxe5 O-O 15. Rc1 Rfc8 16. Kd2 Nac5 17. Bd4 a6 18. Nc3 Ne4+ 19. Nxe4 dxe4 20. a4 f6 21. exf6 exf6 22. Rc4 Rxc4 23. bxc4 Rc8 24. Rb1 Rc7 25. Kc3 Kf7 26. g4 Ke6 27. a5 h5 28. gxh5 gxh5 29. Rg1 Ne5 30. Bxe5 Kxe5 31. Rg8 Rd7 32. c5 Rd1 33. Re8+ Kf5 34. Rb8 Rd7 35. h3 Kg5 36. c6 bxc6 37. Rb6 Rd5 38. Rxa6 Rf5 39. Kb4 c5+ 40. Kb5 Rxf2 41. Rc6 Rb2+ 42. Kxc5 Ra2 43. a6 f5 44. Kb6 Kh4 45. Rc5 Rb2+ 46. Rb5 Rxb5+ 47. Kxb5 f4 48. a7 fxe3 49. a8=Q e2 50. Qxe4+ 1-0

[Event "ChessKid Cup Play-In"]
[Site "chess.com INT"]
[Date "2023.05.01"]
[Round "5.33"]
[White "Terry, R."]
[Black "Indjic, A."]
[Result "1-0"]
[WhiteElo "2520"]
[BlackElo "2618"]
[PlyCount "127"]
[EventDate "2023.05.01"]

1. Nf3 Nf6 2. e3 g6 3. b3 Bg7 4. Bb2 O-O 5. c4 d6 6. Be2 e5 7. d4 e4 8. Nfd2 h5 ({RR} 8... Re8 9. Nc3 Nbd7 10. b4 Nf8 11. a3 Qe7 12. a4 h5 13. a5 Bf5 14. Qb3 Ne6 15. a6 b6 16. h3 c5 17. bxc5 bxc5 18. d5 Nd4 19. exd4 cxd4 20. Nb5 d3 21. O-O dxe2 22. Rfe1 e3 23. fxe3 {Liang,A (2600)-Gledura,B (2645) Chess.com INT 2019 ½-½ (58)}) ({RR} 8... c5 9. dxc5 dxc5 10. Nc3 Qe7 11. h3 Rd8 12. Qc2 Nc6 13. a3 Ne5 14. Ndxe4 Nxe4 15. Nxe4 Bf5 16. g4 Nd3+ 17. Bxd3 Bxb2 18. Qxb2 Bxe4 19. Bxe4 Qxe4 20. O-O Qf3 21. Kh2 Rd3 22. Qe5 b6 23. b4 {Petukhov,A (2325)-Demchenko,A (2619) chess.com INT 2025 ½-½ (51)}) 9. Nc3 Re8 10. b4 $146 ({RR} 10. Qc2 Bf5 11. h3 Nc6 12. a3 Nxd4 13. exd4 e3 14. Qc1 exd2+ 15. Qxd2 Ne4 16. Nxe4 Bxe4 17. O-O d5 18. Rfe1 c6 19. c5 Qh4 20. b4 Re7 21. Bf1 Rae8 22. b5 Kh7 23. a4 Bh6 24. Qc3 Bf5 {Storme,I (2416)-Fishbein,A (2411) Chess.com INT 2022 1-0 (44)}) 10... Nbd7 11. c5 d5 12. b5 Nf8 13. a4 a6 14. Qb3 h4 15. h3 axb5 16. axb5 Rxa1+ 17. Bxa1 Be6 18. Bb2 N6h7 19. Kd1 Qg5 20. Bf1 Qf5 21. Ke1 Nd7 22. Qa3 b6 23. c6 Ndf6 24. Qa7 Rc8 25. Ba3 Ne8 26. Be7 Bf6 27. Bb4 Qg5 28. Qa3 Bg7 29. Be7 Bf8 30. Bxg5 Bxa3 31. Bxh4 Ra8 32. Kd1 Bb4 33. Kc2 Nd6 34. Bg3 Nf6 35. Be2 Nfe8 36. Rb1 Bxc3 37. Kxc3 Nf5 38. Bh2 Nh4 39. Bf1 Kf8 40. Kb2 Ke7 41. Ra1 Rxa1 42. Kxa1 g5 43. Kb2 f5 44. f4 g4 45. Bg3 Ng6 46. Kb3 Nd6 47. Kb4 gxh3 48. gxh3 Ne8 49. Be2 Bf7 50. Nb1 Ng7 51. Nc3 Kd6 52. Ka4 Be8 53. Be1 Bf7 54. Na2 Ke7 55. Nb4 Kd8 56. Bd1 Ne8 57. Bh5 Nd6 58. Bxg6 Bxg6 59. Nxd5 Bf7 60. Bh4+ Kc8 61. Ne7+ Kb8 62. d5 Nc4 63. Bf2 Nd6 64. Kb4 1-0

[Event "ChessKid Cup Play-In"]
[Site "chess.com INT"]
[Date "2023.05.01"]
[Round "6.43"]
[White "Sevian, Samuel"]
[Black "Sankalp, Gupta"]
[Result "1-0"]
[WhiteElo "2684"]
[BlackElo "2504"]
[PlyCount "53"]
[EventDate "2023.05.01"]

1. Nf3 d5 2. g3 Nf6 3. Bg2 c5 4. O-O e6 5. c4 d4 6. e3 Nc6 7. exd4 cxd4 8. d3 Bd6 9. Bg5 h6 10. Bxf6 Qxf6 11. Nbd2 Qd8 12. a3 a5 13. Re1 O-O 14. Rc1 e5 15. c5 Bc7 16. Nc4 Re8 17. Nfd2 f5 18. b4 axb4 19. axb4 Nxb4 20. Qb3 Nc6 $146 ({RR} 20... Na6 21. Nxe5+ Kh7 22. f4 Rb8 23. Ndf3 Be6 24. Qa4 Ba5 25. Re2 Bc3 26. c6 Nc5 27. Qd1 Qd6 28. cxb7 Nxb7 {½-½ (28) Kanep,M (2433)-Shishkov,A (2405) Tallinn 2021}) 21. Nd6+ Kh7 22. Nxe8 Qxe8 23. Nc4 Qf7 24. Rb1 Qf6 25. Nb6 Bxb6 26. Qxb6 Ra2 27. Qc7 1-0

[Event "ChessKid Cup Play-In"]
[Site "chess.com INT"]
[Date "2023.05.01"]
[Round "7.50"]
[White "Sankalp, Gupta"]
[Black "Grandelius, N."]
[Result "1-0"]
[WhiteElo "2504"]
[BlackElo "2660"]
[PlyCount "95"]
[EventDate "2023.05.01"]

1. Nf3 d5 2. g3 Nd7 3. d4 b5 4. Bg2 e6 ({RR} 4... Bb7 5. O-O e6 6. a4 b4 7. a5 Bd6 8. c3 Rb8 9. cxb4 Bxb4 10. a6 Ba8 11. Bf4 Ne7 12. Qc2 Bd6 13. Rc1 O-O 14. Nbd2 Bc6 15. e3 Bb5 16. Bxd6 cxd6 17. Qc7 Rb6 18. Bf1 Bxf1 19. Kxf1 {Meier,G (2650)-Eljanov,P (2711) Riadh 2017 ½-½ (47)}) ({RR} 4... Ngf6 5. O-O Nb6 6. b3 Bf5 7. a4 bxa4 8. bxa4 a5 9. Nbd2 e6 10. Nb3 Bb4 11. Bd2 O-O 12. Nh4 Be4 13. f3 Bg6 14. Nxg6 hxg6 15. Qe1 Bxd2 16. Qxd2 Nc4 17. Qc3 Qd6 18. Rfb1 Rfb8 19. Nc5 {Peed,G (1818)-Sharankov,G (2238) chess.com INT 2025 0-1 (41)}) 5. O-O c5 $146 ({RR} 5... Ngf6 6. Nbd2 Bb7 7. a4 a6 8. Nb3 c5 9. dxc5 Nxc5 10. Nbd4 bxa4 11. Bg5 Bd6 12. Qc1 O-O 13. c4 e5 14. Nf5 Nb3 15. Qb1 Nxa1 16. Qxa1 h6 17. Bd2 d4 18. Qxa4 Be4 19. Nxd6 Qxd6 20. Bb4 {Cina',V (2133)-Svane,R (2625) chess.com INT 2023 0-1 (33)}) 6. a4 b4 7. c4 bxc3 8. Nxc3 Bb7 9. a5 Ngf6 10. a6 Bc6 11. Bf4 Rc8 12. dxc5 Bxc5 13. Nd4 Ba8 14. Ndb5 O-O 15. Na4 e5 16. Bd2 Rb8 17. Nxc5 Nxc5 18. Na3 Nxa6 19. Qa4 Qb6 20. Nc2 Nc5 21. Qxa7 Qxa7 22. Rxa7 Rxb2 23. Rc1 Nce4 24. Be1 d4 25. Kf1 h6 26. Nb4 Rb8 27. Rca1 Bb7 28. Nd3 Rb5 29. Ba5 Nc3 30. Bxb7 R8xb7 31. Rxb7 Rxb7 32. Nxe5 Rb2 33. Bxc3 dxc3 34. Ra8+ Kh7 35. Rc8 Ne4 36. f3 c2 37. Nd3 Nd2+ 38. Ke1 Nb3 39. Nxb2 c1=Q+ 40. Rxc1 Nxc1 41. Kd2 Nb3+ 42. Kc3 Nc5 43. Nd3 Nd7 44. Kd4 f6 45. Kd5 Nb6+ 46. Kc5 Nd7+ 47. Kc6 Nb6 48. Kxb6 1-0